000 00623nam a22001817a 4500
003 OSt
005 20251024013524.0
008 251008b |||||||| |||| 00| 0 eng d
020 _a978-92956-5-5.
040 _aDWCL-Main lib
_cOC
082 _aFil. 362.42 F965 2007
245 _aFull access :
_ba compendium on sign langauage advocacy and access of the deaf to the legal sytem
260 _aQuezon City :
_bPhilippine Deaf Resource Center, Inc.,
_cc2007.
300 _a61 p. :
_billustration ;
_c28 cm.
630 _a1. Deaf-Institutional care.
630 _a2. Deaf-Means of communication
942 _2ddc
_cBK - FIL
_kFil.
_n0
999 _c4716
_d4716